Hydraulics and fluid mechanics / (Record no. 86)
[ view plain ]
| 000 -LEADER | |
|---|---|
| fixed length control field | 01653cam a2200193ua 4500 |
| 003 - CONTROL NUMBER IDENTIFIER | |
| control field | @ |
| 008 - FIXED-LENGTH DATA ELEMENTS--GENERAL INFORMATION | |
| fixed length control field | 220208b ||||| |||| 00| 0 eng d |
| 041 ## - LANGUAGE CODE | |
| Language code of text/sound track or separate title | eng |
| 082 ## - DEWEY DECIMAL CLASSIFICATION NUMBER | |
| Classification number | 532.101 |
| Item number | MOD/HY |
| 100 ## - MAIN ENTRY--AUTHOR NAME | |
| Personal name | Modi, P N . |
| 245 ## - TITLE STATEMENT | |
| Title | Hydraulics and fluid mechanics / |
| 250 ## - EDITION STATEMENT | |
| Edition statement | 10 / |
| 260 ## - PUBLICATION, DISTRIBUTION, ETC. (IMPRINT) | |
| Place of publication | New Delhi : |
| Name of publisher | Standard book house , |
| Year of publication | 1991. |
| 300 ## - PHYSICAL DESCRIPTION | |
| Number of Pages | 1348 ; . |
| 505 ## - FORMATTED CONTENTS NOTE | |
| Formatted contents note | CHAPTER 1. PROPERTIES OF FLUIDS <br/>CHAPTER 2. FLUID PRESSURE AND ITS MEASUREMENT <br/>CHAPTER 3. HYDROSTATIC FORCES ON SURFACES <br/>CHAPTER 4. BUOYANCY AND FLOATATION <br/>CHAPTER 5. LIQUIDS IN RELATIVE EQUILIBRIUM<br/>CHAPTER 6. FUNDAMENTALS OF FLUID FLOW <br/>CHAPTER 7. EQUATIONS OF MOTION AND ENERGY EQUATION <br/>CHAPTER 8. IMPULSE MOMENTUM EQUATION AND ITS APPLICATIONS <br/>CHAPTER 9. FLOW THROUGH ORIFICES AND MOUTHPIECES <br/>CHAPTER 10. FLOW OVER NOTCHES AND WEIRS <br/>CHAPTER 11. FLOW THROUGH PIPES <br/>CHAPTER 12. BOUNDARY LAYER THEORY <br/>CHAPTER 13. LAMINAR FLOW <br/>CHAPTER 14. TURBULENT FLOW IN PIPES <br/>CHAPTER 15. FLOW IN OPEN CHANNELS <br/>CHAPTER 16. NON-UNIFORM FLOW IN CHANNELS <br/>CHAPTER 17. DIMENSIONAL ANALYSIS, HYDRAULIC SIMILITUDE AND MODEL INVESTIGATION <br/>CHAPTER 18. FLUID FLOW AROUND SUBMERGED OBJECTS—DRAG AND LIFT <br/>CHAPTER 19. FLOW OF COMPRESSIBLE FLUIDS <br/>CHAPTER 20. IMPACT OF FREE JETS <br/>CHAPTER 21. HYDRAULIC TURBINES <br/>CHAPTER 22. PERFORMANCE OF TURBINES <br/>CHAPTER 23. RECIPROCATING PUMPS <br/>CHAPTER 24. CENTRIFUGAL PUMPS <br/>CHAPTER 25. MISCELLANEOUS HYDRAULIC MACHINES <br/>CHAPTER 26. ELEMENTS OF HYDROLOGY <br/>CHAPTER 27. WATER POWER ENGINEERING <br/>CHAPTER 28. FLUVIAL HYDRAULIC <br/>CHAPTER 29. FLOW MEASUREMENT AND LABORATORY EXPERIMENTS |
| 700 1# - ADDED ENTRY--PERSONAL NAME | |
| Personal name | Seth, S M . |
| 942 ## - ADDED ENTRY ELEMENTS (KOHA) | |
| Koha item type | Books |
| 003 - CONTROL NUMBER IDENTIFIER | |
| control field | OSt |
| Withdrawn status | Lost status | Damaged status | Home library | Current library | Date acquired | Full call number | Accession Number | Koha item type |
|---|---|---|---|---|---|---|---|---|
| KAUAET | KAUAET | 07/04/2012 | 532.101 MOD/HY | 18533 | Books | |||
| KAUAET | KAUAET | 07/04/2012 | 532.101 MOD/HY | 18775 | Books | |||
| KAUAET | KAUAET | 07/04/2012 | 532.101 MOD/HY | 21179 | Books | |||
| KAUAET | KAUAET | 09/03/1987 | 532.101 MOD/HY | 16037 | Books | |||
| KAUAET | KAUAET | 07/04/2012 | 532.101 MOD/HY | 13427 | Books |
